000 00453nam a2200181Ia 4500
001 11333
005 20260306162820.0
008 260306t2003||||xx |||||||||||||| ||spa||
041 _aESP
082 _a985.032
_bD289
100 _aDuviols, Pierre
_eAUT
245 0 _aProcesos y visitas de idolatrĂ­as:
_bCajatambo, siglo XVII
260 _c2003
300 _a881 páginas :
_c24 cm.
650 _aGEN
654 _aCHU
942 _cLIB
_dJUS
_fJUS
_2ddc
_n
999 _c11333
_d11333